| 000 | 00402nam a2200145Ia 4500 | ||
|---|---|---|---|
| 005 | 20240823064552.0 | ||
| 008 | 240823s9999||||xx |||||||||||||| ||und|| | ||
| 082 | _A620.11 P9 | ||
| 100 | _a"Callister,William D" | ||
| 245 | 0 | _aMaterials Science and Engineering an Introduction | |
| 260 |
_c2009 _bWiley India Pv _aNew Delhi |
||
| 500 | _aYES | ||
| 650 |
_aMaterials Science _bMechanical |
||
| 942 | _cNB | ||
| 999 |
_c241034 _d241034 |
||